000 01464nam a2200361Ia 4500
001 ebr10575850
003 CaPaEBR
006 m u
007 cr cn|||||||||
008 070827s2008 nyua sb s001 0 eng d
010 _z 2007035474
020 _z0791474496 (hardcover : alk. paper)
020 _z079147450X (pbk. : alk. paper)
020 _z9780791474495 (hardcover : alk. paper)
020 _z9780791474501 (pbk. : alk. paper)
020 _z9780791478332 (ebook)
040 _aCaPaEBR
_cCaPaEBR
035 _a(OCoLC)251486951
050 1 4 _aBF575.H27
_bW56 2008eb
100 1 _aWilson, Scott,
_d1962-
245 1 4 _aThe order of joy
_h[electronic resource] :
_bbeyond the cultural politics of enjoyment /
_cScott Wilson.
260 _aAlbany :
_bState University of New York Press,
_cc2008.
300 _axviii, 188 p. :
_bill.
490 1 _aSUNY series in psychoanalysis and culture
504 _aIncludes bibliographical references (p. 177-184) and index.
533 _aElectronic reproduction.
_bPalo Alto, Calif. :
_cebrary,
_d2013.
_nAvailable via World Wide Web.
_nAccess may be limited to ebrary affiliated libraries.
650 0 _aJoy.
650 0 _aHappiness.
655 7 _aElectronic books.
_2local
710 2 _aebrary, Inc.
830 0 _aSUNY series in psychoanalysis and culture.
856 4 0 _uhttp://site.ebrary.com/lib/rucke/Doc?id=10575850
_zAn electronic book accessible through the World Wide Web; click to view
999 _c181900
_d181900